La epidemia de COVID-19 en las residencias para personas mayores /

Análisis de la crisis sanitaria que se presentó el España en los meses de marzo a junio de 2020 por la pandemia de Covid-19; pone especial atención en los ancianos, y particularmente en los que viven en residencias de mayores; esta población fue golpeada fuertemente por la pandemia y hubo gran canti...

Descrizione completa

Salvato in:
Dettagli Bibliografici
Autore principale: Meseguer Sánchez, Juan Víctor (edición)
Altri autori: Fernández Izquierdo, M. Enriqueta (edición) (edición), López Martínez, Gabriel (edición) (edición)
Natura: Libro
Lingua:spagnolo
Pubblicazione: Pamplona, España : Aranzadi, 2021, c2021
Soggetti:
Accesso online:Ver documento en línea
Tags: Aggiungi Tag
Nessun Tag, puoi essere il primo ad aggiungerne!!

MARC

LEADER 00000nam^a2200000^a^4500
001 000432208
005 20251023000000.0
009 20260310123008.373
020 |a 978-84-1390-180-0 
037 |a Acervo ITESO - Biblioteca 
041 |a ESP 
082 |a 614. 581  |b MES 
100 |a Meseguer Sánchez, Juan Víctor  |e (edición) 
245 1 3 |a La epidemia de COVID-19 en las residencias para personas mayores /  |c Ed. de J.V. Meseguer Sánchez, M.E. Fernández Izquierdo, G. López Martínez ; pról. de Enrique Ayuso Hernández. 
264 4 |a Pamplona, España :  |b Aranzadi,  |c 2021, c2021 
264 2 |a Cartagena, España :  |b Odilo [distribución],  |c 2021 
300 |a 1 libro electrónico en línea (320 p.) 
300 |a 1 recurso en línea 
336 |a datos para computadora  |b cod  |2 rdacontenido 
337 |a computadora  |b c  |2 rdamedio 
338 |a recurso en línea  |b cr  |2 rdasoporte 
506 1 |a 1 licencia 
520 |a Análisis de la crisis sanitaria que se presentó el España en los meses de marzo a junio de 2020 por la pandemia de Covid-19; pone especial atención en los ancianos, y particularmente en los que viven en residencias de mayores; esta población fue golpeada fuertemente por la pandemia y hubo gran cantidad de decesos. El grupo farmacéutico Hefame, con esta investigación pretende contribuir a mejorar la situación sanitaria de los ancianos para protegerlos de futuras situaciones que los pudieran poner en peligro. Se señalan fallas y deficiencias en el sistema sanitario español que constituyen áreas de oportunidad de mejora. 
521 |a Odilo 2021 DIA 
649 |a XX 
650 |a Ancianos -  |z España -  |x Condiciones Sociales y Culturales 
650 |a Ancianos -  |z España -  |x Cuidado e Higiene 
650 |a Asilos -  |z España 
650 |a Centros de Asistencia Social -  |z España 
650 |a Industria Farmacéutica -  |z España 
650 |a COVID-19 -  |x Tema Principal 
650 |a Coronavirus (Familia) 
650 |a Virus 
650 |a Peligro de Contagio 
650 |a Crisis Sanitaria -  |z España 
650 |a Cuarentena -  |z España 
650 |a Distanciamiento Social 
650 |a Pandemias 
650 |a Epidemias 
650 |a Libertad de Movimiento -  |z España -  |x Aspectos Jurídicos 
650 |a Medicamentos -  |z España -  |x Abastecimiento 
650 |a Seguridad Social -  |z España 
650 |a Gerontología -  |z España 
650 |a Política y Salud Pública -  |z España 
650 |a Salud 
700 |a Fernández Izquierdo, M. Enriqueta  |e (edición) 
700 |a López Martínez, Gabriel  |e (edición) 
856 4 0 |u https://iteso-odilotk-es.ezproxy.iteso.mx/info/02101745  |y Ver documento en línea 
910 |a Fondo General 
920 |a Electrónicos - Libros en Línea 
930 |a Plataforma Digital 
905 |a 205 
901 |a 432208-1  |b IT2  |c EBO  |i C  |u 20250521 
902 |a https://opac.biblio.iteso.mx/vufind/Record/000432208